Preceňovanie a zmena hodnoty aktív a záväzkov podľa IAS/IFRS a ich vplyv na odloženú daň
Odložená daň vzniká pri identifikovaní dočasných rozdielov medzi účtovnou hodnotou aktív alebo záväzkov a ich daňovou základňou. Pri identifikovaní dočasných rozdielov je potrebné brať do úvahy prvotný spôsob účtovania transakcií, z ktorých boli dočasné rozdiely medzi účtovnou hodnotou aktív alebo z...
Salvato in:
| Autore principale: | |
|---|---|
| Altri autori: | |
| Natura: | Capitolo di libro |
| Lingua: | slovacco |
| Soggetti: | |
| Tags: |
Nessun Tag, puoi essere il primo ad aggiungerne!!
|
MARC
| LEADER | 00000nla$a2200000$$$4500 | ||
|---|---|---|---|
| 001 | 0088512 | ||
| 005 | 20240502072007.4 | ||
| 041 | 0 | |a slo | |
| 044 | |a SK | ||
| 245 | 1 | 0 | |a Preceňovanie a zmena hodnoty aktív a záväzkov podľa IAS/IFRS a ich vplyv na odloženú daň |c Martin Tužinský, Tímea Göghová |
| 520 | |a Odložená daň vzniká pri identifikovaní dočasných rozdielov medzi účtovnou hodnotou aktív alebo záväzkov a ich daňovou základňou. Pri identifikovaní dočasných rozdielov je potrebné brať do úvahy prvotný spôsob účtovania transakcií, z ktorých boli dočasné rozdiely medzi účtovnou hodnotou aktív alebo záväzkov a ich daňovou základňou identifikované. V súvislosti s tým sa totiž aj odložená daň účtuje výsledkovo alebo súvahovo a dočasné rozdiely sa ďalej rozlišujú na dočasné rozdiely a iné dočasné rozdiely. | ||
| 610 | 2 | 0 | |a účtovanie |
| 610 | 2 | 0 | |a výkazy účtovné |
| 610 | 2 | 0 | |a aktíva |
| 610 | 2 | 0 | |a záväzky |
| 610 | 2 | 0 | |a dane odložené |
| 610 | 2 | 0 | |a štandardy účtovné medzinárodné |
| 100 | 1 | |a Tužinský, Martin | |
| 700 | 1 | |a Göghová, Tímea | |